|
|
|
|
| LEADER |
00000nam0a2200000 4500 |
| 001 |
65627 |
| 005 |
20231101212219.0 |
| 035 |
|
|
|a (RuTPU)RU\TPU\book\69657
|
| 090 |
|
|
|a 65627
|
| 100 |
|
|
|a 20040623d1986 k y0rusy50 ca
|
| 101 |
0 |
|
|a rus
|
| 102 |
|
|
|a RU
|
| 105 |
|
|
|a a z 001zy
|
| 200 |
1 |
|
|a Проектирование и эксплуатация промышленных печей
|f М. Ш. Исламов
|
| 210 |
|
|
|a Ленинград
|c Химия
|d 1986
|
| 215 |
|
|
|a 279 с.
|c ил.
|
| 320 |
|
|
|a Литература: с. 277.
|
| 516 |
1 |
|
|a Проектирование печей
|
| 606 |
1 |
|
|a Промышленные печи
|x Проектирование
|2 stltpush
|3 (RuTPU)RU\TPU\subj\52554
|9 70966
|
| 610 |
1 |
|
|a эксплуатация
|
| 610 |
1 |
|
|a исследование
|
| 610 |
1 |
|
|a конструирование
|
| 610 |
1 |
|
|a расчеты
|
| 610 |
1 |
|
|a экономическая эффективность
|
| 610 |
1 |
|
|a экологическая эффективность
|
| 610 |
1 |
|
|a вторичные энергоресурсы
|
| 610 |
1 |
|
|a классификация
|
| 610 |
1 |
|
|a футеровка
|
| 610 |
1 |
|
|a техника безопасности
|
| 610 |
1 |
|
|a охрана труда
|
| 610 |
1 |
|
|a методика
|
| 675 |
|
|
|a 66.041
|v 3
|
| 700 |
|
1 |
|a Исламов
|b М. Ш.
|g Мансур Шаихович
|
| 801 |
|
1 |
|a RU
|b 63413507
|c 20040623
|g PSBO
|
| 801 |
|
2 |
|a RU
|b 63413507
|c 20201021
|g PSBO
|
| 942 |
|
|
|c BK
|